|
|
|
|
| LEADER |
01559nam a2200397 a 4500 |
| 001 |
000013232 |
| 003 |
CZ BrMZK |
| 005 |
20260304134332.0 |
| 007 |
ta |
| 008 |
941129s1994 xo a b f cze d |
| 020 |
|
|
|a 80-85261-63-4
|c 169.00
|
| 040 |
|
|
|a BOA001
|b cze
|
| 041 |
1 |
|
|a cze
|h eng
|
| 072 |
|
7 |
|a 00
|x Věda. Všeobecnosti. Základy vědy a kultury. Vědecká práce
|2 Konspekt
|9 12
|
| 072 |
|
7 |
|a 0/9-053.2
|x Literatura pro děti a mládež (naučná)
|2 Konspekt
|9 26
|
| 080 |
|
|
|a 0/9
|2 MRF
|
| 080 |
|
|
|a (0.062)
|2 MRF
|
| 080 |
|
|
|a (0.053.2)
|2 MRF
|
| 100 |
1 |
|
|a Langley, Andrew,
|d 1949-
|7 xx0014960
|4 aut
|
| 245 |
1 |
0 |
|a Velká kniha otázek a odpovědí :
|b vesmír, svět, příroda, historie, věda a technika /
|c Andrew Langley.
|
| 260 |
|
|
|a Bratislava :
|b Perfekt,
|c 1994
|
| 300 |
|
|
|a 96 s. :
|b barev. il.
|
| 500 |
|
|
|a Přeloženo z angličtiny
|
| 650 |
0 |
7 |
|a všeobecné znalosti
|7 ph127322
|2 czenas
|
| 650 |
0 |
7 |
|a všeobecnosti a zajímavosti
|7 ph116736
|2 czenas
|
| 650 |
0 |
9 |
|a general knowledge
|2 eczenas
|
| 650 |
0 |
9 |
|a facts and features
|2 eczenas
|
| 655 |
|
7 |
|a populárně-naučné publikace
|7 fd131864
|2 czenas
|
| 655 |
|
7 |
|a publikace pro děti
|7 fd133156
|2 czenas
|
| 655 |
|
9 |
|a popular works
|2 eczenas
|
| 655 |
|
9 |
|a children's literature
|2 eczenas
|
| 910 |
|
|
|a BOA001
|b 4-1004.131
|b PK-N-0031.474
|
| 920 |
|
|
|a 000486404
|
| 990 |
|
|
|a BK
|
| 996 |
6 |
|
|b 2610015068
|c 4-1004.131
|l MZK
|r Sklad / do 1 hodiny
|n 0
|p kup
|w 000013232
|u 000010
|a 1
|e BOA001
|j MZK50
|s P
|
| 996 |
7 |
|
|b 3119836200
|c PK-N-0031.474
|l MZK
|r Sklad / do 1 hodiny
|n 6
|w 000013232
|u 000020
|a 1
|e BOA001
|j MZK50
|s A
|